Il rifiuto di vivere : anatomia del suicidio /

Guardat en:
Dades bibliogràfiques
Autors principals: Crepet, Paolo (Autor), Florenzano, Francesco (Autor)
Format: Llibre
Idioma:italià
Publicat: Roma : Editori riuniti, 1998
Edició:2. ed
Col·lecció:Primo piano
Matèries:
Etiquetes: Afegir etiqueta
Sense etiquetes, Sigues el primer a etiquetar aquest registre!

MARC

LEADER 00000nam a22000007i 4500
001 IT\ICCU\VIA\0070876
003 ItRI
005 20241223130240.0
008 981109s1998 it |||||| ||||| |||||c
020 |a 8835943477 
040 |b ita  |c ARCIGAY RIMINI 
041 7 |a ita  |2 ISO-639-2 
082 |a 362.28  |2 20 
100 1 |a Crepet, Paolo  |0 IT\ICCU\CFIV\081563  |4 aut 
245 1 3 |a Il rifiuto di vivere :  |b anatomia del suicidio /  |c Paolo Crepet, Francesco Florenzano. 
250 |a 2. ed 
260 |a Roma :  |b Editori riuniti,  |c 1998 
300 |a XXIII, 191 p. ;  |c 22 cm. 
650 7 |a Suicidio 
700 1 |a Florenzano, Francesco  |0 IT\ICCU\CFIV\012684  |4 aut 
830 0 |a Primo piano  |0 IT\ICCU\LO1\0397194 
942 |2 ddc  |c BK 
952 |0 0  |1 0  |2 ddc  |4 0  |6 362_280000000000000_CRF_RIF  |7 1  |9 2249  |a RN  |b RN  |d 2024-12-23  |l 0  |o 362.28 CRF RIF  |p 9702  |r 2024-12-23 13:03:13  |w 2024-12-23  |y BK 
981 1 |6 z01  |a i   |b xxxe  
982 1 |6 z01  |a n 
999 |c 1976  |d 1976